| 000 | 01061nam a22003257a 4500 | ||
|---|---|---|---|
| 003 | CHAP | ||
| 005 | 20220329143301.0 | ||
| 008 | 080128d2005 es ad r 00110 spa d | ||
| 010 | _a94384 | ||
| 011 | _a95356 | ||
| 020 | _a8420010405 | ||
| 035 | _a105979 | ||
| 040 | _cCHAP | ||
| 082 | 0 | 0 |
_a636.2 _aA3Y |
| 100 | 1 |
_aAndrews, Anthony H. _e, ed. _95694 |
|
| 245 | 1 | 0 |
_aSanidad del ganado vacuno lechero _c/ed. por Anthony H. Andrews |
| 260 |
_aZaragoza : _bAcribia, _c2005 |
||
| 300 |
_a400 p. : _bilus. ; gráfs. ; cuadros |
||
| 546 | _aTrad. de : The health of dairy cattle | ||
| 590 |
_aBATCH-UPD _b10 _c20130110 _lUCH01 _h1910 |
||
| 590 |
_aBATCH-UPD _b10 _c20130410 _lUCH01 _h1237 |
||
| 590 |
_aBATCH-UPD _b10 _c20130914 _lUCH01 _h1518 |
||
| 590 |
_aCONVERSION _b10 _c20130109 _lUCH01 _h1352 |
||
| 650 | 1 | 4 |
_aGanado lechero _xAspectos económicos. _945243 |
| 650 | 1 | 4 |
_aGanado vacuno. _945425 |
| 650 | 1 | 4 |
_aSanidad animal. _9102221 |
| 901 | _aBK | ||
| 942 | _cLIBRO | ||
| 949 |
_a636.2 A3Y _bBC _cLIBRO _d33724002049355 _eLIBRO _gI.c/e _h109034 _i105979 _si _t$980.00 |
||
| 999 |
_c94384 _d94384 |
||